LEADER 00893nam0 2200289 450 001 000013884 005 20090410105537.0 010 $a88-359-2720-X 100 $a20080702d1984----km-y0itay50------ba 101 0 $aita 102 $aIT 105 $aa-------001yy 200 1 $a<>volto statistico dell'Italia$fLuciano Bergonzini 210 $aRoma$cEditori Riuniti$d1984 215 $a136 p.$cill.$d20 cm 225 2 $aLibri di base$v72 410 0$12001$aLibri di base 500 10$a<>volto statistico dell'Italia$936240 610 1 $aStatistica sociale$aItalia$a1861-1981 676 $a301$v11$9Sociologia e antropologia 676 $a304.60945$v20 700 1$aBergonzini,$bLuciano$0103067 801 0$aIT$bUNIPARTHENOPE$c20080702$gRICA$2UNIMARC 912 $a000013884 951 $a126/68$b4522$cNAVA2 996 $aVolto statistico dell'Italia$936240 997 $aUNIPARTHENOPE LEADER 02840nam 2200589 450 001 9910789609003321 005 20230125202046.0 010 $a1-60807-073-5 035 $a(CKB)2670000000082126 035 $a(EBL)946523 035 $a(OCoLC)796382963 035 $a(SSID)ssj0000516823 035 $a(PQKBManifestationID)12223424 035 $a(PQKBTitleCode)TC0000516823 035 $a(PQKBWorkID)10477063 035 $a(PQKB)10200069 035 $a(Au-PeEL)EBL946523 035 $a(CaPaEBR)ebr10460263 035 $a(CaBNVSL)mat09100726 035 $a(IEEE)9100726 035 $a(MiAaPQ)EBC946523 035 $a(EXLCZ)992670000000082126 100 $a20200729d2011 uy 101 0 $aeng 135 $aurcn||||||||| 181 $ctxt 182 $cc 183 $acr 200 10$aAviation security engineering $ea holistic approach /$fRainer Ko?lle, Garik Markarian, Alex Tarter 210 1$aBoston :$cArtech House,$dİ2011. 210 2$a[Piscataqay, New Jersey] :$cIEEE Xplore,$d[2011] 215 $a1 online resource (360 p.) 225 1 $aArtech House intelligence and information operations series 300 $aDescription based upon print version of record. 311 $a1-60807-072-7 320 $aIncludes bibliographical references and index. 327 $a1. Security and aviation -- 2. Where we stand today -- 3. Moving forward. 330 3 $aFilling a critical gap in aviation engineering literature, this unique and timely resource provides you with a thorough introduction to aviation system security. It enables you to understand the challenges the industry faces and how they are being addressed. You get a complete analysis of the current aviation security standards ARINC 811, ED-127 and the draft SC-216. The book offers you an appreciation for the diverse collection of members within the aviation industry. Moreover, you find a detailed treatment of methods used to design security controls that not only meet individual corporate interests of a stakeholder, but also work towards the holistic securing of the entire industry. This forward-looking volume introduces exciting new areas of aviation security research and techniques for solving today's the most challenging problems, such as security attack identification and response.$cPublisher abstract. 410 0$aArtech House intelligence and information operations series. 606 $aAeronautics$xSecurity measures 615 0$aAeronautics$xSecurity measures. 676 $a363.2876 700 $aKo?lle$b Rainer$01523009 701 $aMarkarian$b Garik$01514079 701 $aTarter$b Alex$01523010 801 0$bCaBNVSL 801 1$bCaBNVSL 801 2$bCaBNVSL 906 $aBOOK 912 $a9910789609003321 996 $aAviation security engineering$93763063 997 $aUNINA